| 000 -CABECERA |
| Longitud fija campo de control |
01130nas a22002297a 4500 |
| 001 - NÚMERO DE CONTROL |
| Número de control |
1676 |
| 003 - IDENTIFICADOR DEL NÚMERO DE CONTROL |
| Identificador del número de control |
CDMR |
| 005 - FECHA Y HORA DE LA ÚLTIMA TRANSACCIÓN |
| Fecha y hora de la última transacción |
20231121102247.0 |
| 008 - CÓDIGOS DE INFORMACIÓN DE LONGITUD FIJA |
| Códigos de información de longitud fija |
180118c2009||||sp g||||||||||||||||cat|d |
| 022 ## - NÚMERO INTERNACIONAL NORMALIZADO PARA PUBLICACIONES SERIADAS |
| Número Internacional Normalizado para Publicaciones Seriadas |
2014-2773 |
| 040 ## - FUENTE DE LA CATALOGACIÓN |
| Centro catalogador de origen |
CDMR |
| Lengua de catalogación |
cat |
| Centro transcriptor |
CDMR |
| 240 ## - TÍTULO UNIFORME |
| Título uniforme |
<a href="Informe de la comunicació a Catalunya">Informe de la comunicació a Catalunya</a> |
| 245 00 - MENCIÓN DE TÍTULO |
| Título |
Informe de la comunicació a Catalunya |
| Mención de responsabilidad, etc. |
/ Marta Civil i Serra ... [et al.] (editors) |
| 260 ## - PUBLICACIÓN, DISTRIBUCIÓN, ETC. (PIE DE IMPRENTA) |
| Lugar de publicación, distribución, etc. |
[Barcelona] |
| Fecha de publicación, distribución, etc. |
2011- |
| Nombre del editor, distribuidor, etc. |
Institut de la Comunicació, Universitat Autònoma de Barcelona; Generalitat de Catalunya, |
| 300 ## - DESCRIPCIÓN FÍSICA |
| Extensión |
v. |
| Dimensiones |
30 cm |
| 306 ## - DURACIÓN |
| Duración |
Biennal |
| 490 0# - MENCIÓN DE SERIE |
| Mención de serie |
Lexikon. |
| -- |
Informes |
| 500 ## - NOTA GENERAL |
| Nota general |
Els informes anteriors es presenten com a monografies. A partir de l'informe 2009-2010 es presenta com a publicació periòdica amb l'ISSN 2014-2773 |
| 710 2# - PUNTO DE ACCESO ADICIONAL - NOMBRE DE ENTIDAD |
| 9 (RLIN) |
1253 |
| Nombre de entidad o nombre de jurisdicción como elemento inicial |
Universitat Autònoma de Barcelona |
| Unidad subordinada |
-- Institut de la Comunicació |
| 856 41 - LOCALIZACIÓN Y ACCESO ELECTRÓNICO |
| Identificador Uniforme del Recurso (URI) |
<a href="https://ddd.uab.cat/search?ln=ca&p=Informe+de+la+comunicació+a+Catalunya&f=title&action_search=Cerca&c=Dip%C3%B2sit+Digital+de+Documents+de+la+UAB&sf=&so=d&rm=&rg=10&sc=1&of=hb">https://ddd.uab.cat/search?ln=ca&p=Informe+de+la+comunicació+a+Catalunya&f=title&action_search=Cerca&c=Dip%C3%B2sit+Digital+de+Documents+de+la+UAB&sf=&so=d&rm=&rg=10&sc=1&of=hb</a> |
| Nota pública |
Disponible en línia des de l'any 2000 (Accés en línia) |
| 942 ## - ENTRADA DE ELEMENTOS AGREGADOS (KOHA) |
| Koha [por defecto] tipo de item |
Publicacions periòdiques |
| Fuente de clasificaión o esquema |
|